000 00586nam a2200229Ia 4500
003 OSt
005 20220918210849.0
006 a|||||r|||| 00| 0
007 ta
008 220917b |||||||| |||| 00| 0 eng d
024 _a122,435
037 _cTextual
040 _aARTS
_cARTS
_beng
041 _2eng
_aeng
082 _aW, K2
100 _aCrick Bernard
_936431
245 0 _aDefence of politics
260 _aLondon
_bWeidenfield and Nicolson
_c1962
650 _aPOLITICAL SCIENCE
942 _hW, K2
_cTEXL
_2CC
999 _c245627
_d245627